Green Day Lyrics - Take the Money and Crawl - Statistics

General Stats
  • This quiz has been taken 15 times
  • The average score is 132 of 159
Answer Stats
Take the Money and Crawl % Correct
a
100%
and
100%
crawl
100%
money
100%
take
100%
Take
100%
the
100%
Can
92%
can
92%
Do
92%
don't
92%
give
92%
I
92%
life
92%
life,
92%
my
92%
on
92%
you
92%
fuck
85%
I'm
85%
it's
85%
just
85%
all
77%
knees?
77%
luck,
77%
me
77%
Oh
77%
or
77%
So
77%
suck
77%
This
77%
when
77%
with
77%
yeah,
77%
bender
69%
cock
69%
dive
69%
dull
69%
get
69%
Goin'
69%
gonna
69%
Hit
69%
is
69%
knife
69%
low
69%
motherfuckers
69%
Of
69%
walk,
69%
wild
69%
witness?
69%
but
62%
dare
62%
High
62%
make
62%
please
62%
say
62%
sick
62%
sickness
62%
soul
62%
Sweet
62%
tender
62%
to
62%
enough
54%
Illegal
54%
nervous
54%
wreck,
54%
Cold-
46%
killers
46%
Well,
46%
blooded
38%
(Hey!,
0%
Hey!,
0%
Hey!)
0%
No matching quizzes found
Score Distribution
Percent of People with Each Score
Percentile by Number Answered
Your Score History
You have not taken this quiz